[Event "European Corporate 2nd"]
[Site "Minsk"]
[Date "2019.08.30"]
[Round "4.3"]
[White "Zhigalko, Sergei"]
[Black "Stupak, Kirill"]
[Result "1/2-1/2"]
[WhiteElo "2574"]
[BlackElo "2561"]
[PlyCount "174"]
[EventDate "2019.08.30"]
[EventType "team-swiss"]
[EventRounds "9"]
[EventCountry "BLR"]
[SourceTitle "EXT 2020"]
[Source "ChessBase"]
[SourceDate "2019.10.17"]
[SourceVersion "1"]
[SourceVersionDate "2019.10.17"]
[SourceQuality "1"]
[WhiteTeam "BAM"]
[BlackTeam "Evroopt"]
[WhiteTeamCountry "BLR"]
[BlackTeamCountry "BLR"]

1. e4 e6 2. d4 d5 3. e5 c5 4. c3 Qb6 5. Nf3 Nc6 6. a3 f6 7. Bd3 fxe5 8. dxe5 c4 9. Bc2 g6 10. O-O Bg7 11. Nbd2 Bd7 12. b3 cxb3 13. Nxb3 Nge7 14. Re1 O-O 15. Be3 Qc7 16. Bc5 Rfe8 17. Bd6 Qd8 18. Nc5 b6 19. Nxd7 Qxd7 20. Ba4 a6 21. Bxe7 Rxe7 22. c4 d4 23. Rb1 Rb8 24. Re4 Qc7 25. Bxc6 Qxc6 26. Rxd4 Bf8 27. h4 Rf7 28. h5 Rg7 29. Ng5 gxh5 30. Qxh5 Qe8 31. Qxe8 Rxe8 32. Ne4 Rb8 33. Rb3 Kh8 34. Rbd3 Rc7 35. Ng5 Re8 36. Rd8 Rce7 37. R3d7 Kg8 38. Rxe8 Rxe8 39. Nxh7 Be7 40. Nf6+ Bxf6 41. exf6 Rc8 42. Rd6 Rxc4 43. Rxb6 Ra4 44. Rxe6 Kf7 45. Rb6 Rxa3 46. g3 a5 47. Ra6 a4 48. Kg2 Ra1 49. Kf3 a3 50. Kg4 Kg6 51. f3 a2 52. f4 Kf7 53. Kf5 Rg1 54. Ra7+ Kf8 55. Ra8+ Kf7 56. Rxa2 Rxg3 57. Ra7+ Kf8 58. Rb7 Rg1 59. Rg7 Re1 60. Rc7 Rg1 61. Rb7 Re1 62. Rb5 Kf7 63. Re5 Rg1 64. Re7+ Kf8 65. Ra7 Re1 66. Rh7 Rg1 67. f7 Ra1 68. Kg5 Ra5+ 69. f5 Rb5 70. Kg6 Rb6+ 71. Kg5 Rb5 72. Kf4 Ra5 73. Kg4 Rb5 74. Kg5 Ra5 75. Rh8+ Kxf7 76. Rh7+ Kg8 77. Rb7 Ra6 78. Re7 Kf8 79. Rd7 Rb6 80. Rh7 Ra6 81. Rb7 Rc6 82. Rd7 Ra6 83. Kf4 Ra5 84. Kg5 Ra6 85. Rc7 Rb6 86. f6 Rb1 87. Rc8+ Kf7 1/2-1/2

[Event "European Corporate 2nd"]
[Site "Minsk"]
[Date "2019.08.31"]
[Round "5.1"]
[White "Zhigalko, Sergei"]
[Black "Esipenko, Andrey"]
[Result "1/2-1/2"]
[WhiteElo "2574"]
[BlackElo "2625"]
[PlyCount "83"]
[EventDate "2019.08.30"]
[EventType "team-swiss"]
[EventRounds "9"]
[EventCountry "BLR"]
[SourceTitle "EXT 2020"]
[Source "ChessBase"]
[SourceDate "2019.10.17"]
[SourceVersion "1"]
[SourceVersionDate "2019.10.17"]
[SourceQuality "1"]
[WhiteTeam "BAM"]
[BlackTeam "Sberbank"]
[WhiteTeamCountry "BLR"]
[BlackTeamCountry "RUS"]

1. e4 c6 2. d4 d5 3. e5 Bf5 4. Nf3 e6 5. Be2 c5 6. Be3 Qb6 7. Nc3 Nc6 8. dxc5 Bxc5 9. Bxc5 Qxc5 10. Nb5 Kf8 11. Nbd4 Nge7 12. O-O Be4 13. Re1 h6 14. c3 g5 15. Bd3 Bxd3 16. Qxd3 Kg7 17. Rad1 Ng6 18. Qe3 Qb6 19. h4 g4 20. h5 gxf3 21. hxg6 Nxd4 22. Rxd4 fxg6 23. c4 Rad8 24. cxd5 Rxd5 25. Rxd5 exd5 26. Qxf3 Qe6 27. Qe3 b6 28. Rc1 Rf8 29. Rc7+ Rf7 30. Qc3 g5 31. Rc6 d4 32. Rxe6 dxc3 33. bxc3 Rc7 34. a4 Rxc3 35. Re7+ Kg6 36. Rxa7 Kf5 37. Ra6 Rb3 38. a5 bxa5 39. Rxa5 Rb6 40. Kh2 Re6 41. f3 Rxe5 42. Ra4 1/2-1/2

[Event "European Corporate 2nd"]
[Site "Minsk"]
[Date "2019.08.31"]
[Round "6.4"]
[White "Genba, Vladimir"]
[Black "Zhigalko, Sergei"]
[Result "0-1"]
[WhiteElo "2454"]
[BlackElo "2574"]
[PlyCount "136"]
[EventDate "2019.08.30"]
[EventType "team-swiss"]
[EventRounds "9"]
[EventCountry "BLR"]
[SourceTitle "EXT 2020"]
[Source "ChessBase"]
[SourceDate "2019.10.17"]
[SourceVersion "1"]
[SourceVersionDate "2019.10.17"]
[SourceQuality "1"]
[WhiteTeam "Gazprom"]
[BlackTeam "BAM"]
[WhiteTeamCountry "RUS"]
[BlackTeamCountry "BLR"]

1. e4 c5 2. c4 Nc6 3. Nc3 g6 4. g3 Bg7 5. d3 e6 6. Bg2 Nge7 7. Nge2 d6 8. O-O O-O 9. Rb1 Rb8 10. Be3 Nd4 11. b4 b6 12. Qd2 Bb7 13. Bh6 Nxe2+ 14. Nxe2 Bxh6 15. Qxh6 Nc6 16. a3 Qf6 17. Qe3 Rfe8 18. f4 Rbd8 19. h3 Qe7 20. Kh2 Rd7 21. Rf2 Rdd8 22. Kg1 Nb8 23. d4 cxd4 24. Nxd4 e5 25. Nb5 exf4 26. Rxf4 Nc6 27. Rbf1 Rf8 28. Rf6 Ba6 29. Qf4 Ne5 30. Rd1 Bxb5 31. cxb5 Nc4 32. Rf1 Nxa3 33. Qg5 Qe5 34. R6f5 Qd4+ 35. Kh2 Rd7 36. h4 Nc4 37. Bh3 Ne3 38. R1f3 Nxf5 39. exf5 Rc7 40. f6 Rc2+ 41. Bg2 Qd2 42. Qxd2 Rxd2 43. Ra3 Rb2 44. Rxa7 h5 45. Kh3 Rxb4 46. Bc6 Rb8 47. Rd7 Rd4 48. Kg2 Kf8 49. Kf3 Rd1 50. Ke2 Rb1 51. Rxd6 Rb3 52. Kf2 Rc3 53. Kg2 Rc5 54. Rd7 Rf5 55. Rd4 Rxf6 56. Kh3 Re6 57. Rf4 Kg7 58. Bd5 Rf6 59. Rc4 Rd8 60. Bc6 Rd3 61. Ra4 Rf2 62. Ra1 Rdd2 63. Rh1 f5 64. Be8 Kf6 65. Bc6 Rb2 66. Bd7 Rfd2 67. Bc6 Rb3 68. Re1 f4 0-1

[Event "European Corporate 2nd"]
[Site "Minsk"]
[Date "2019.08.31"]
[Round "7.2"]
[White "Zhigalko, Sergei"]
[Black "Teterev, Vitaly"]
[Result "1/2-1/2"]
[WhiteElo "2574"]
[BlackElo "2474"]
[PlyCount "71"]
[EventDate "2019.08.30"]
[EventType "team-swiss"]
[EventRounds "9"]
[EventCountry "BLR"]
[SourceTitle "EXT 2020"]
[Source "ChessBase"]
[SourceDate "2019.10.17"]
[SourceVersion "1"]
[SourceVersionDate "2019.10.17"]
[SourceQuality "1"]
[WhiteTeam "BAM"]
[BlackTeam "Naftan"]
[WhiteTeamCountry "BLR"]
[BlackTeamCountry "BLR"]

1. e4 c5 2. Nf3 d6 3. d4 cxd4 4. Qxd4 Nc6 5. Bb5 Nf6 6. Nc3 Nd7 7. Qc4 Nb6 8. Qe2 a6 9. Bxc6+ bxc6 10. e5 d5 11. O-O e6 12. Rd1 Qc7 13. Bf4 Bb4 14. Ng5 h6 15. Nh3 a5 16. Qg4 g5 17. Bg3 Nc4 18. Na4 Be7 19. Qh5 Rb8 20. b3 Nb6 21. Nb2 a4 22. f3 c5 23. Nd3 c4 24. Ndf2 cxb3 25. cxb3 Qc2 26. Ng4 Qg6 27. Nf6+ Kf8 28. Qg4 axb3 29. axb3 Nd7 30. Kh1 Nc5 31. Rac1 Kg7 32. Nh5+ Kh7 33. Nf6+ Kg7 34. Nh5+ Kh7 35. Nf6+ Kg7 36. Nh5+ 1/2-1/2

[Event "European Corporate 2nd"]
[Site "Minsk"]
[Date "2019.08.31"]
[Round "8.2"]
[White "Jojua, Davit"]
[Black "Zhigalko, Sergei"]
[Result "1/2-1/2"]
[WhiteElo "2563"]
[BlackElo "2574"]
[PlyCount "32"]
[EventDate "2019.08.30"]
[EventType "team-swiss"]
[EventRounds "9"]
[EventCountry "BLR"]
[SourceTitle "EXT 2020"]
[Source "ChessBase"]
[SourceDate "2019.10.17"]
[SourceVersion "1"]
[SourceVersionDate "2019.10.17"]
[SourceQuality "1"]
[WhiteTeam "Khareba"]
[BlackTeam "BAM"]
[WhiteTeamCountry "GEO"]
[BlackTeamCountry "BLR"]

1. d4 Nf6 2. c4 e6 3. g3 c5 4. Nf3 cxd4 5. Nxd4 Qc7 6. Nc3 a6 7. Bg2 Qxc4 8. O-O Nc6 9. Nb3 d5 10. Bf4 Be7 11. a3 a5 12. Rc1 Qa6 13. a4 O-O 14. Nb5 Qb6 15. Bc7 Qa6 16. Bf4 Qb6 1/2-1/2

[Event "SCO Teams"]
[Site "Qingdao"]
[Date "2019.09.15"]
[Round "2.14"]
[White "Darini, Pouria"]
[Black "Zhigalko, Sergei"]
[Result "1/2-1/2"]
[WhiteElo "2428"]
[BlackElo "2574"]
[PlyCount "67"]
[EventDate "2019.09.15"]
[EventType "team-tourn"]
[EventRounds "9"]
[EventCountry "CHN"]
[SourceTitle "EXT 2020"]
[Source "ChessBase"]
[SourceDate "2019.10.17"]
[SourceVersion "1"]
[SourceVersionDate "2019.10.17"]
[SourceQuality "1"]
[WhiteTeam "Iran"]
[BlackTeam "Belarus"]
[WhiteTeamCountry "IRI"]
[BlackTeamCountry "BLR"]

1. e4 c5 2. Nf3 Nc6 3. Bb5 Nf6 4. Bxc6 dxc6 5. d3 Bg4 6. Nbd2 Nd7 7. h3 Bh5 8. Nc4 b5 9. Ne3 e6 10. Bd2 Qc7 11. Qe2 f6 12. a4 Bd6 13. Bc3 O-O 14. g4 Bf7 15. h4 Rae8 16. h5 h6 17. Nh4 Rb8 18. O-O Rfe8 19. b3 Rb7 20. Neg2 e5 21. Nf5 c4 22. dxc4 bxc4 23. Ba5 Qb8 24. Nxd6 Qxd6 25. Rfd1 Qb8 26. b4 Nf8 27. c3 Qc8 28. Rd2 c5 29. Rad1 cxb4 30. Bxb4 Ne6 31. Qe3 a5 32. Bxa5 Qa8 33. Bb4 Qxa4 34. Rd6 1/2-1/2

[Event "SCO Teams"]
[Site "Qingdao"]
[Date "2019.09.15"]
[Round "3.5"]
[White "Zhigalko, Sergei"]
[Black "Krishna, C Revanth Gopala"]
[Result "1-0"]
[WhiteElo "2574"]
[BlackElo "2446"]
[PlyCount "105"]
[EventDate "2019.09.15"]
[EventType "team-tourn"]
[EventRounds "9"]
[EventCountry "CHN"]
[SourceTitle "EXT 2020"]
[Source "ChessBase"]
[SourceDate "2019.10.17"]
[SourceVersion "1"]
[SourceVersionDate "2019.10.17"]
[SourceQuality "1"]
[WhiteTeam "Belarus"]
[BlackTeam "India"]
[WhiteTeamCountry "BLR"]
[BlackTeamCountry "IND"]

1. e4 e6 2. d4 d5 3. e5 c5 4. c3 Nc6 5. Nf3 Qb6 6. a3 Nh6 7. b4 cxd4 8. cxd4 Nf5 9. Be3 f6 10. exf6 gxf6 11. Bd3 Nxe3 12. fxe3 Bh6 13. Qe2 Bd7 14. O-O O-O 15. Nc3 Ne7 16. Rae1 Rac8 17. Nd1 Bg7 18. Kh1 a5 19. b5 Qd6 20. Qb2 Ng6 21. Nc3 e5 22. e4 Nf4 23. Bb1 exd4 24. Nxd5 Nxd5 25. exd5 f5 26. Rd1 Qb6 27. a4 Rc4 28. Qa2 Qc5 29. Bd3 Rc3 30. d6+ Kh8 31. Ng5 h6 32. Ne6 Bxe6 33. Qxe6 Rd8 34. d7 Qe5 35. Qxe5 Bxe5 36. Bxf5 Kg7 37. g3 Kf6 38. Kg2 Ke7 39. Rfe1 Kd6 40. Kh3 Rc5 41. Rf1 Kc7 42. Rde1 d3 43. Rc1 b6 44. Rfd1 Rf8 45. Rxc5+ bxc5 46. Rxd3 Kd8 47. g4 h5 48. Rd5 hxg4+ 49. Kxg4 Bd4 50. h3 Rg8+ 51. Kf3 Rf8 52. Ke4 Rf6 53. Bg4 1-0

[Event "SCO Teams"]
[Site "Qingdao"]
[Date "2019.09.16"]
[Round "5.8"]
[White "Zhigalko, Sergei"]
[Black "Bai, Jinshi"]
[Result "1/2-1/2"]
[WhiteElo "2574"]
[BlackElo "2591"]
[PlyCount "54"]
[EventDate "2019.09.15"]
[EventType "team-tourn"]
[EventRounds "9"]
[EventCountry "CHN"]
[SourceTitle "EXT 2020"]
[Source "ChessBase"]
[SourceDate "2019.10.17"]
[SourceVersion "1"]
[SourceVersionDate "2019.10.17"]
[SourceQuality "1"]
[WhiteTeam "Belarus"]
[BlackTeam "China"]
[WhiteTeamCountry "BLR"]
[BlackTeamCountry "CHN"]

1. e4 e5 2. Nf3 Nf6 3. Nxe5 d6 4. Nf3 Nxe4 5. Nc3 Nxc3 6. dxc3 Be7 7. Be3 O-O 8. Qd2 Nd7 9. O-O-O c6 10. Kb1 d5 11. c4 Nb6 12. cxd5 Nxd5 13. Bc4 Be6 14. Bg5 Bxg5 15. Nxg5 Bf5 16. Rhe1 h6 17. Nf3 Nb6 18. Qb4 Qc8 19. Bd3 Bxd3 20. Rxd3 Re8 21. Rxe8+ Qxe8 22. Qe1 Qxe1+ 23. Nxe1 Re8 24. Rd1 Nd5 25. Nd3 Re2 26. Kc1 Kf8 27. Rd2 Rxd2 1/2-1/2

[Event "SCO Teams"]
[Site "Qingdao"]
[Date "2019.09.17"]
[Round "7.11"]
[White "Zhigalko, Sergei"]
[Black "Kobalia, Mihail"]
[Result "1-0"]
[WhiteElo "2574"]
[BlackElo "2608"]
[PlyCount "53"]
[EventDate "2019.09.15"]
[EventType "team-tourn"]
[EventRounds "9"]
[EventCountry "CHN"]
[SourceTitle "EXT 2020"]
[Source "ChessBase"]
[SourceDate "2019.10.17"]
[SourceVersion "1"]
[SourceVersionDate "2019.10.17"]
[SourceQuality "1"]
[WhiteTeam "Belarus"]
[BlackTeam "Russia"]
[WhiteTeamCountry "BLR"]
[BlackTeamCountry "RUS"]

1. e4 c6 2. d4 d5 3. e5 Bf5 4. Nf3 e6 5. Be2 Ne7 6. c3 Ng6 7. O-O f6 8. c4 Nd7 9. Nc3 Be7 10. exf6 Nxf6 11. h3 Qd6 12. c5 Qd7 13. g4 Be4 14. Ng5 h6 15. Ngxe4 dxe4 16. Be3 Qc7 17. Re1 Nf4 18. Bf1 O-O-O 19. Qb3 N4d5 20. Bg2 g5 21. Bd2 h5 22. Nxe4 Nxe4 23. Rxe4 hxg4 24. Rxg4 Kb8 25. Re1 Rh6 26. Qg3 Nf4 27. Rxf4 1-0

[Event "SCO Teams"]
[Site "Qingdao"]
[Date "2019.09.17"]
[Round "8.5"]
[White "Ma, Zhonghan"]
[Black "Zhigalko, Sergei"]
[Result "0-1"]
[WhiteElo "2485"]
[BlackElo "2574"]
[PlyCount "98"]
[EventDate "2019.09.15"]
[EventType "team-tourn"]
[EventRounds "9"]
[EventCountry "CHN"]
[SourceTitle "EXT 2020"]
[Source "ChessBase"]
[SourceDate "2019.10.17"]
[SourceVersion "1"]
[SourceVersionDate "2019.10.17"]
[SourceQuality "1"]
[WhiteTeam "China II"]
[BlackTeam "Belarus"]
[WhiteTeamCountry "CHN"]
[BlackTeamCountry "BLR"]

1. d4 Nf6 2. c4 e6 3. Nf3 b6 4. g3 Ba6 5. b3 Bb4+ 6. Bd2 Be7 7. Bg2 c6 8. Bc3 d5 9. Ne5 Nfd7 10. Nxd7 Nxd7 11. Nd2 O-O 12. O-O f5 13. a4 Nf6 14. a5 Bd6 15. e3 b5 16. Qc2 bxc4 17. bxc4 Ne4 18. Nxe4 fxe4 19. Ra4 Rb8 20. Rc1 Rf7 21. Be1 Rfb7 22. Qd1 Qf6 23. Raa1 Bb4 24. cxd5 cxd5 25. Rab1 Bxe1 26. Qxe1 Rb2 27. Rxb2 Rxb2 28. Bf1 Bd3 29. Rd1 Qf5 30. Rd2 Rb1 31. Rd1 Rb2 32. Rd2 Rb3 33. Bxd3 exd3 34. Kg2 h5 35. Qd1 Rc3 36. Qf3 Qg6 37. h3 Rc2 38. Rd1 Rc8 39. g4 Rf8 40. Qg3 Qe4+ 41. Kg1 hxg4 42. Qxg4 Rf5 43. Qxe4 dxe4 44. Kg2 Rg5+ 45. Kf1 Rxa5 46. f3 Rf5 47. f4 Ra5 48. Rd2 Ra1+ 49. Kf2 a5 0-1

[Event "SCO Teams"]
[Site "Qingdao"]
[Date "2019.09.18"]
[Round "9.14"]
[White "Zhigalko, Sergei"]
[Black "Zairbek Kyzy, Begimay"]
[Result "1-0"]
[WhiteElo "2574"]
[BlackElo "1989"]
[PlyCount "35"]
[EventDate "2019.09.15"]
[EventType "team-tourn"]
[EventRounds "9"]
[EventCountry "CHN"]
[SourceTitle "EXT 2020"]
[Source "ChessBase"]
[SourceDate "2019.10.17"]
[SourceVersion "1"]
[SourceVersionDate "2019.10.17"]
[SourceQuality "1"]
[WhiteTeam "Belarus"]
[BlackTeam "Kyrgyzstan"]
[WhiteTeamCountry "BLR"]
[BlackTeamCountry "KGZ"]

1. e4 c6 2. d4 d5 3. e5 Bf5 4. Nf3 e6 5. Be2 c5 6. Be3 Qb6 7. Nc3 Nc6 8. dxc5 Qxb2 9. Nb5 O-O-O 10. O-O Qxc2 11. Qe1 Qa4 12. Nfd4 Bg6 13. Qc3 Kd7 14. Nd6 Qa5 15. Qb2 Bxd6 16. cxd6 Qb4 17. Qxb4 Nxb4 18. Rfc1 1-0

[Event "Selfoss World Champions Group"]
[Site "Selfoss"]
[Date "2019.11.19"]
[Round "1"]
[White "Zhigalko, Sergei"]
[Black "Khademalsharieh, Sarasadat"]
[Result "1-0"]
[WhiteElo "2574"]
[BlackElo "2491"]
[PlyCount "79"]
[EventDate "2019.11.19"]
[EventType "tourn"]
[EventRounds "9"]
[EventCountry "ISL"]
[EventCategory "12"]
[SourceTitle "CBM 193 Extra"]
[Source "ChessBase"]
[SourceDate "2020.01.31"]
[SourceVersion "1"]
[SourceVersionDate "2020.01.31"]
[SourceQuality "1"]

1. e4 e5 2. Nf3 Nc6 3. Bb5 a6 4. Ba4 Nf6 5. O-O Bc5 6. c3 b5 7. Bc2 d5 8. d4 dxe4 9. Nbd2 exf3 10. Qxf3 Bb7 11. dxc5 Nd4 12. Qxb7 Rb8 13. Qxa6 Ra8 14. Qb7 Rb8 15. Qxb8 Ne2+ 16. Kh1 Qxb8 17. Re1 Nxc1 18. Rxe5+ Kf8 19. Rxc1 c6 20. Nf3 Ng4 21. Re2 Qa7 22. Rce1 g6 23. b4 Qxa2 24. Bxg6 Qc4 25. Re8+ Kg7 26. Bxf7 Qxc3 27. R8e7 Nf6 28. Bd5+ Kh6 29. Bxc6 Rf8 30. Bb7 Ng4 31. Kg1 Qb2 32. R7e2 Qxb4 33. h3 Nf6 34. c6 Rf7 35. Re6 Kg7 36. R6e5 h6 37. R1e3 Rc7 38. g3 Qb1+ 39. Kg2 Kf8 40. Nd4 1-0

[Event "Selfoss World Champions Group"]
[Site "Selfoss"]
[Date "2019.11.21"]
[Round "3"]
[White "Zhigalko, Sergei"]
[Black "Antipov, Mikhail Al"]
[Result "1/2-1/2"]
[WhiteElo "2574"]
[BlackElo "2558"]
[PlyCount "47"]
[EventDate "2019.11.19"]
[EventType "tourn"]
[EventRounds "9"]
[EventCountry "ISL"]
[EventCategory "12"]
[SourceTitle "CBM 193 Extra"]
[Source "ChessBase"]
[SourceDate "2020.01.31"]
[SourceVersion "1"]
[SourceVersionDate "2020.01.31"]
[SourceQuality "1"]

1. e4 e5 2. Nf3 Nc6 3. Bb5 Nf6 4. O-O Nxe4 5. d4 Nd6 6. Bxc6 dxc6 7. dxe5 Nf5 8. Qxd8+ Kxd8 9. Nc3 Bd7 10. h3 h6 11. b3 b6 12. Bb2 Kc8 13. Rfd1 Ne7 14. a4 a5 15. Rd2 c5 16. Ne2 Ng6 17. c4 Bc6 18. Nh2 Be7 19. f4 Nh4 20. g3 Nf5 21. g4 Nh4 22. Nc3 Kb7 23. Nd5 Rae8 24. Nxe7 1/2-1/2

[Event "Selfoss World Champions Group"]
[Site "Selfoss"]
[Date "2019.11.22"]
[Round "4"]
[White "Adly, Ahmed"]
[Black "Zhigalko, Sergei"]
[Result "1-0"]
[WhiteElo "2607"]
[BlackElo "2574"]
[PlyCount "74"]
[EventDate "2019.11.19"]
[EventType "tourn"]
[EventRounds "9"]
[EventCountry "ISL"]
[EventCategory "12"]
[SourceTitle "CBM 193 Extra"]
[Source "ChessBase"]
[SourceDate "2020.01.31"]
[SourceVersion "1"]
[SourceVersionDate "2020.01.31"]
[SourceQuality "1"]

1. d4 Nf6 2. c4 e6 3. g3 c5 4. d5 exd5 5. cxd5 d6 6. Nc3 g6 7. Bg2 Bg7 8. Nf3 O-O 9. O-O Nbd7 10. Bf4 Qe7 11. e4 Ng4 12. h3 Nge5 13. Nd2 a6 14. a4 Nd3 15. Be3 Rb8 16. Qb1 Nb4 17. Re1 b5 18. axb5 axb5 19. Bf1 c4 20. f4 Qd8 21. Nf3 Re8 22. Bf2 Ba6 23. e5 dxe5 24. f5 Bb7 25. Rd1 Nf6 26. Ng5 Nfxd5 27. Nxf7 Qf6 28. Nxb5 Qxf7 29. Nd6 Qc7 30. Nxe8 Rxe8 31. Qe4 gxf5 32. Qxc4 Rc8 33. Ra7 Qxc4 34. Bxc4 Rxc4 35. Rxb7 e4 36. Rb5 e3 37. Be1 f4 1-0

[Event "Selfoss World Champions Group"]
[Site "Selfoss"]
[Date "2019.11.24"]
[Round "5"]
[White "Zhigalko, Sergei"]
[Black "Saduakassova, Dinara"]
[Result "1/2-1/2"]
[WhiteElo "2574"]
[BlackElo "2505"]
[PlyCount "78"]
[EventDate "2019.11.19"]
[EventType "tourn"]
[EventRounds "9"]
[EventCountry "ISL"]
[EventCategory "12"]
[SourceTitle "CBM 193 Extra"]
[Source "ChessBase"]
[SourceDate "2020.01.31"]
[SourceVersion "1"]
[SourceVersionDate "2020.01.31"]
[SourceQuality "1"]

1. c4 c5 2. Nc3 g6 3. g3 Bg7 4. Bg2 Nc6 5. Nf3 e5 6. O-O Nge7 7. d3 O-O 8. a3 d6 9. Rb1 a5 10. Bg5 Be6 11. Bxe7 Qxe7 12. Ne1 Rab8 13. Nc2 Nd4 14. b4 axb4 15. axb4 b5 16. Nxd4 exd4 17. Nxb5 cxb4 18. Qa4 d5 19. Qxb4 Qxb4 20. Rxb4 dxc4 21. dxc4 Rfc8 22. Bd5 Bxd5 23. cxd5 Rc5 24. Rfb1 Rxd5 25. Nc7 Rxb4 26. Rxb4 Rd8 27. Rb3 h5 28. Na6 Bf8 29. Rb8 Rxb8 30. Nxb8 Bd6 31. Nc6 Bc5 32. Kf1 Kg7 33. Ke1 Kf6 34. Kd2 Ke6 35. Kd3 Kd5 36. Na5 Bb4 37. Nc4 Be1 38. e4+ dxe3 39. Nxe3+ Ke5 1/2-1/2

[Event "Selfoss World Champions Group"]
[Site "Selfoss"]
[Date "2019.11.25"]
[Round "6"]
[White "Stefansson, Hannes"]
[Black "Zhigalko, Sergei"]
[Result "1/2-1/2"]
[WhiteElo "2546"]
[BlackElo "2574"]
[PlyCount "48"]
[EventDate "2019.11.19"]
[EventType "tourn"]
[EventRounds "9"]
[EventCountry "ISL"]
[EventCategory "12"]
[SourceTitle "CBM 193 Extra"]
[Source "ChessBase"]
[SourceDate "2020.01.31"]
[SourceVersion "1"]
[SourceVersionDate "2020.01.31"]
[SourceQuality "1"]

1. d4 Nf6 2. c4 e6 3. Nf3 b6 4. a3 Bb7 5. Nc3 d5 6. Bg5 Be7 7. Qa4+ c6 8. Bxf6 Bxf6 9. cxd5 exd5 10. g3 O-O 11. Bg2 Na6 12. O-O Nc7 13. Rfd1 Re8 14. Rac1 g6 15. e3 Bg7 16. Ne1 Re7 17. Nd3 Ne8 18. b4 a6 19. Qb3 Nd6 20. a4 b5 21. Nc5 Qe8 22. Ra1 Rd8 23. axb5 axb5 24. Ra7 h5 1/2-1/2

[Event "Selfoss World Champions Group"]
[Site "Selfoss"]
[Date "2019.11.27"]
[Round "7"]
[White "Zhigalko, Sergei"]
[Black "Gretarsson, Helgi Ass"]
[Result "1-0"]
[WhiteElo "2574"]
[BlackElo "2415"]
[PlyCount "83"]
[EventDate "2019.11.19"]
[EventType "tourn"]
[EventRounds "9"]
[EventCountry "ISL"]
[EventCategory "12"]
[SourceTitle "CBM 193 Extra"]
[Source "ChessBase"]
[SourceDate "2020.01.31"]
[SourceVersion "1"]
[SourceVersionDate "2020.01.31"]
[SourceQuality "1"]

1. e4 e5 2. Nf3 Nc6 3. Bb5 g6 4. O-O Bg7 5. c3 a6 6. Ba4 d6 7. d4 Bd7 8. Bg5 f6 9. Be3 Nh6 10. dxe5 dxe5 11. Nbd2 Nf7 12. Bb3 b6 13. Bd5 O-O 14. b4 Rb8 15. Qe2 Qc8 16. Rfd1 Kh8 17. a4 f5 18. b5 axb5 19. axb5 Na5 20. Bc5 Nd6 21. Bxd6 cxd6 22. c4 Bh6 23. Ra3 Qc5 24. Rd3 Rbc8 25. h3 Qb4 26. Rb1 Qc5 27. Rc3 Rc7 28. Rd3 Rcc8 29. h4 Qc7 30. Rd1 Qd8 31. exf5 gxf5 32. Nxe5 Qe8 33. Bf7 Rxf7 34. Nxf7+ Qxf7 35. Rxd6 Re8 36. Qd3 Be6 37. Rxb6 Bxd2 38. Qxd2 Nxc4 39. Qd4+ Kg8 40. Ra6 f4 41. Re1 f3 42. Rexe6 1-0

[Event "Selfoss World Champions Group"]
[Site "Selfoss"]
[Date "2019.11.29"]
[Round "9"]
[White "Leitao, Rafael Duailibe"]
[Black "Zhigalko, Sergei"]
[Result "1/2-1/2"]
[WhiteElo "2606"]
[BlackElo "2574"]
[PlyCount "41"]
[EventDate "2019.11.19"]
[EventType "tourn"]
[EventRounds "9"]
[EventCountry "ISL"]
[EventCategory "12"]
[SourceTitle "CBM 193 Extra"]
[Source "ChessBase"]
[SourceDate "2020.01.31"]
[SourceVersion "1"]
[SourceVersionDate "2020.01.31"]
[SourceQuality "1"]

1. Nf3 Nf6 2. c4 e6 3. Nc3 Bb4 4. Qc2 O-O 5. a3 Bxc3 6. Qxc3 d6 7. b4 e5 8. Bb2 Re8 9. e3 Bg4 10. Be2 Nbd7 11. d3 c5 12. h3 Bh5 13. O-O b6 14. Rfe1 Rc8 15. Qb3 Qc7 16. b5 Rcd8 17. a4 Nf8 18. Rac1 Qb8 19. g4 Bg6 20. Nh4 d5 21. Nxg6 1/2-1/2

[Event "Titled Tuesday intern op 16th June"]
[Site "Chess.com INT"]
[Date "2020.06.16"]
[Round "1"]
[White "Horak, Martin"]
[Black "Zhigalko, Sergei"]
[Result "0-1"]
[WhiteElo "2331"]
[BlackElo "2572"]
[PlyCount "34"]
[EventDate "2020.06.16"]
[EventType "swiss (blitz)"]
[EventRounds "10"]
[EventCountry "USA"]
[SourceTitle "EXT 2021"]
[Source "ChessBase"]
[SourceDate "2020.10.23"]
[SourceVersion "1"]
[SourceVersionDate "2020.10.23"]
[SourceQuality "1"]

1. d4 Nf6 2. c4 e6 3. Nf3 b6 4. g3 Ba6 5. b3 Bb4+ 6. Bd2 Be7 7. Bg2 c6 8. O-O d5 9. Ne5 Nfd7 10. Nxd7 Nxd7 11. Qc2 O-O 12. e4 Rc8 13. Qd3 dxc4 14. bxc4 Ne5 15. Qc3 Nxc4 16. Rd1 c5 17. d5 Bf6 0-1

[Event "Titled Tuesday intern op 16th June"]
[Site "Chess.com INT"]
[Date "2020.06.16"]
[Round "3"]
[White "Khomeriki, Nino"]
[Black "Zhigalko, Sergei"]
[Result "0-1"]
[WhiteElo "2319"]
[BlackElo "2572"]
[PlyCount "86"]
[EventDate "2020.06.16"]
[EventType "swiss (blitz)"]
[EventRounds "10"]
[EventCountry "USA"]
[SourceTitle "EXT 2021"]
[Source "ChessBase"]
[SourceDate "2020.10.23"]
[SourceVersion "1"]
[SourceVersionDate "2020.10.23"]
[SourceQuality "1"]

1. d4 Nf6 2. c4 e6 3. Nf3 b6 4. g3 Ba6 5. b3 Bb4+ 6. Bd2 Be7 7. Nc3 O-O 8. Bg2 c6 9. e4 d5 10. exd5 cxd5 11. Ne5 Bb7 12. O-O Nc6 13. Bf4 Rc8 14. Rc1 Ba3 15. Rc2 a6 16. Be3 Re8 17. Re1 h6 18. cxd5 exd5 19. Na4 Ne4 20. Bh3 Rc7 21. Nxc6 Rxc6 22. Qd3 Rxc2 23. Qxc2 b5 24. Nc5 Bxc5 25. dxc5 d4 26. Bd2 d3 27. Qc1 Ng5 28. Bxg5 Rxe1+ 29. Qxe1 hxg5 30. Bg2 Bxg2 31. Kxg2 Qd5+ 32. Kh3 d2 33. Qd1 Kf8 34. b4 f5 35. f3 Ke7 36. Kg2 g4 37. Kg1 gxf3 38. Kf2 g5 39. a3 g4 40. Kg1 Kd7 41. Kf1 Qd3+ 42. Kg1 Kc6 43. h3 Qe3+ 0-1